Top 3 najpopularniejszych piłkarzy z danego kraju #1 - Statystyki

Ogólne statystyki
  • Ten quiz został rozwiązany 788 razy
    655 od ostatniego zresetowania
  • Średni wynik to 7 z 24
Statystyki odpowiedzi
Kraj Piłkarz % Poprawnych

Argentyna

Lionel Messi
100%
Argentyna Diego Maradona
73%

Maroko

Achraf Hakimi
62%
Hiszpania Xavi Hernandez
50%

Hiszpania

Andres Iniesta
47%
Dania Christian Eriksen
47%
Stany Zjednoczone Christian Pulisic
43%
Hiszpania Sergio Ramos
41%

Dania

Peter Schmeichel
33%
Maroko Hakim Ziyech
25%
Dania Michael Laudrup
24%
Iran Mehdi Taremi
23%

Stany Zjednoczone

Landon Donovan
18%

Serbia

Nemanja Vidić
18%
Argentyna Alfredo Di Stefano
16%
Stany Zjednoczone Clint Dempsey
11%
Serbia Aleksandar Mitrović
10%
Serbia Dusan Tadić
10%
Peru Claudio Pizarro
7%
Iran Sardar Azmoun
6%

Peru

Jefferson Farfan
4%

Iran

Ali Daei
2%
Peru Paolo Guerrero
2%
Maroko Romain Saiss
2%
Nie znaleziono quizów pasujących do podanych kryteriów
Rozkład punktacji
Procent ludzi z każdym wynikiem
Percentyl według liczby udzielonych odpowiedzi
Twoja historia wyników
Nie rozwiązałeś tego quizu od ostatniego zresetowania